000 00529nam a2200145Ia 4500
005 20260209120128.0
008 260209s9999||||xx |||||||||||||| ||und||
100 _aArka Brata Goswami
245 0 _aInternational protection of boat refugees issues responses
260 _aBangaloreBangalore
_bNLSIU
_c2010
300 _a87 p. ; 25 cm.
650 _aBoat Refegee - International Protection
700 _aProf. (Dr.) V Vijayakumar - GuideProf. (Dr.) V Vijayakumar - Guide
856 _uhttps://dans.nls.ac.in/handle/123456789/1918
999 _c216957
_d216957